| 000 | 00558mam a2200145 4500 | ||
|---|---|---|---|
| 082 | 0 | 0 |
_a355.43 _bBEA _cL-30 P-112 |
| 100 | 1 |
_aBeaufre, Andre. _937951 |
|
| 245 | 1 | 3 |
_aAn introduction to strategy, _bwith particular reference to problems of defense, politics, economics, and diplomacy in the nuclear age. _cTranslated by R. H. Barry. With a pref, by B. H. Liddell Hart. |
| 260 |
_aNew York, _bPraeger _c[1965] |
||
| 300 |
_a138 p. _c23 cm. |
||
| 526 |
_a0 _b0 _c0 _d355_430000000000000_BEA |
||
| 650 | 0 |
_aMCE _9379 |
|
| 650 | 0 |
_aStrategy. _937952 |
|
| 942 |
_2ddc _cBK |
||
| 999 |
_c542681 _d542681 |
||